مو لا نا آ ز ا د کی اد بی صحا فت (Record no. 169939)

MARC details
000 -LEADER
fixed length control field 00620nam a22001937a 4500
005 - DATE AND TIME OF LATEST TRANSACTION
control field 20191209120350.0
010 ## - LCCN (DPL NO)
LC control number B-245227
020 ## - INTERNATIONAL STANDARD BOOK NUMBER
Terms of availability 240.00
International Standard Book Number -
035 ## - SYSTEM CONTROL NUMBER
System control number B-245227
037 ## - SOURCE OF ACQUISITION
Source of stock number/acquisition BPPD
082 ## - DEWEY DECIMAL CLASSIFICATION NUMBER
Classification number 070.172
100 ## - MAIN ENTRY--PERSONAL NAME
Personal name ا نو ا ر ا حمد
245 ## - TITLE STATEMENT
Title مو لا نا آ ز ا د کی اد بی صحا فت
Statement of responsibility, etc ا نو ا ر ا حمد
246 ## - VARYING FORM OF TITLE
Title proper/short title Moulana Azad ki Adabi Sahafat
Remainder of title by Dr. Anwar Ahmed
260 ## - PUBLICATION, DISTRIBUTION, ETC. (IMPRINT)
Place of publication, distribution, etc Bihar
Date of publication, distribution, etc 2006 ء
Name of publisher, distributor, etc Khuda Bakhsh Oriental Public Library
270 ## - ADDRESS
Address Patna
City Patna(Bihar)
Telephone number -
Postal code 4
300 ## - PHYSICAL DESCRIPTION
Extent 387 ص
Dimensions 22 cm(hb)
942 ## - ADDED ENTRY ELEMENTS (KOHA)
Source of classification or shelving scheme Dewey Decimal Classification
Item type Urdu Bks
Classification part 070.172
Call number suffix ا ب و
Holdings
Withdrawn status Lost status Not for loan Collection code Home library Current library Date acquired Source of acquisition Cost, normal purchase price Full call number Barcode Copy number Cost, replacement price Koha item type
    Ordered Non-fiction Central Library Central Library 09/12/2019 BPPD/Ven. 240.00 070.172 ا ب و B-245227 1 240.00 Urdu Bks

© Delhi Public Library
Hit Counter
free hit counter